Language Quiz

Random Language or Letter Quiz

Constant Consonants 'W' to 'Z' Quiz Stats

 Plays Quiz Updated Oct 5, 2018

Challenge
Share
Tweet
Embed
Score 0/24 Timer 04:00
0 Plays Today
Clue (Letter-Length) Answer % Correct
Lumberjack's tool (X-3)Axe
96.9%
Be indebted to (W-3)Owe
95.6%
Lamb's mother (W-3)Ewe
95.6%
Place to view captive animals (Z-3)Zoo
95.5%
Slang for a former 'significant other' (X-2)Ex
95.2%
Toy with a string (hyphenated) (Y-4)Yo-yo
94.6%
Large bovine (X-2)Ox
93.9%
Affirmative vote (Y-3)Yea
93.8%
Very tiny (W-3)Wee
93.3%
Nintendo game system released in 2006 (W-3)Wii
91.4%
Hole in a needle (Y-3)Eye
89.4%
What an amazed person may interject (W-3)Wow
88.8%
Clue (Letter-Length) Answer % Correct
Wide-eyed wonder (W-3)Awe
86.7%
Vin Diesel movie or old movie rating (X-3)xXx
85.7%
Actress Saldana (Z-3)Zoë
84.4%
Feeling of self-pity (W-3)Woe
83.6%
14th letter of the Greek alphabet (X-2)Xi
82.9%
Seep slowly (Z-4)Ooze
80.2%
Israeli submachinegun (Z-3)Uzi
72.3%
'The Adventures of ____ and Harriet' (Z-5)Ozzie
68.3%
American golfer Michelle (W-3)Wie
61.1%
Greek spirit made from anise (Z-4)Ouzo
58.2%
Comedian Ansari of 'Parks & Rec' (Z-4)Aziz
54.1%
A nocturnal lemur (hyphenated) (Y-6)Aye-aye
35.7%

You're not logged in!

Compare scores with friends on all Sporcle quizzes.
OR
Log In

You Might Also Like...

Show Comments

Extras

Top Quizzes Today


Score Distribution

Your Account Isn't Verified!

In order to create a playlist on Sporcle, you need to verify the email address you used during registration. Go to your Sporcle Settings to finish the process.

Report this User

Report this user for behavior that violates our Community Guidelines.

Details: